00920nam a2200229 a 450000100100000000500170001000800410002702000150006804000250008308200150010810000360012324500640015926000690022330000350029265100440032765100280037165000280039904900090042795201190043695201180055599900170067300002123120200930011253.0100902s1999 ag ac r 000 | spa d z9789239091 aDO-SdBNPbspacBNPHU a940bC416n1 aCerqueiro, Danield1937-94437413aEl Navegante y las fuerza de las ideas /cDaniel Cerqueiro. aBuenos Aires, (Argentina) :bEdiciones Pequeña Venecia,c1999. a284 p. :bil., retrs ;c20 cm. 4aEuropaxCivilizaciónxHistoria944375 4aEuropaxHistoria941325 4aHistoriografía913064 aBNGR 001054708MOaGRbGRcCTd2010-09-02iLF1l0o940 C416np21231-10r2020-06-25w2020-06-25y4ZPréstamo en sala 001050718MOaGRbGRcCTd2010-09-02iLF1l0o940 C416np21231-20r2020-06-25te.2w2020-06-25y1ZNo se presta c20732d20732